Loading...
| History - American | 0 | 5 | 1 | 1 | 45 | 31 | 59.40 | 0 | 2 | 20.85 | 27.96 |
| Science - Other | 0 | 4 | 0 | 2 | 40 | 52 | 91.75 | 0 | 0 | 7.70 | 16.56 |
| Literature - British | 0 | 4 | 0 | 0 | 40 | 65 | 80.00 | 0 | 0 | 11.13 | 13.51 |
| Current Events | 0 | 3 | 0 | 1 | 30 | 59 | 78.33 | 0 | 0 | 19.76 | 29.58 |
| Science - Physics | 0 | 3 | 1 | 0 | 25 | 43 | 63.67 | 0 | 0 | 10.88 | 14.39 |
| Literature - American | 0 | 2 | 0 | 2 | 20 | 93 | 103.00 | 0 | 0 | 1.47 | 3.18 |
| Literature - European | 0 | 2 | 0 | 0 | 20 | 87 | 104.00 | 0 | 0 | 2.72 | 4.96 |
| Geography | 0 | 2 | 0 | 1 | 20 | 75 | 88.00 | 0 | 1 | 5.60 | 13.51 |
| Religion | 0 | 2 | 0 | 1 | 20 | 87 | 98.50 | 0 | 0 | 2.15 | 5.04 |
| History - World | 0 | 2 | 1 | 0 | 15 | 16 | 20.50 | 0 | 2 | 14.76 | 14.26 |
| Science - Biology | 0 | 2 | 1 | 0 | 15 | 85 | 87.50 | 0 | 0 | 2.58 | 7.27 |
| Mythology | 0 | 1 | 0 | 0 | 10 | 46 | 46.00 | 0 | 0 | 5.29 | 6.06 |
| Fine Arts - Other | 0 | 1 | 0 | 0 | 10 | 48 | 48.00 | 0 | 0 | 5.26 | 4.96 |
| Science - Chemistry | 0 | 2 | 3 | 2 | 5 | 98 | 100.50 | 0 | 0 | 0.18 | 1.58 |
| Social Science | 0 | 1 | 2 | 0 | 0 | 62 | 62.00 | 0 | 0 | 4.01 | 5.56 |
| History - Other | 0 | 0 | 1 | 0 | -5 | 0.00 | 0 | 0 | 0.00 | 0.00 | |
| Fine Arts - Painting and Sculpture | 0 | 0 | 2 | 0 | -10 | 0.00 | 0 | 0 | 0.00 | 0.00 |